| 000 | 00356nam a2200121Ia 4500 | ||
|---|---|---|---|
| 008 | 220204s9999 xx 000 0 und d | ||
| 082 |
_a678.065:62 _bINT |
||
| 245 | 0 | _aIntroduction to tire engineering: Development lecture series, Feb 20, 1961 | |
| 260 |
_aAkron _bUniversity of Akron _c1961 |
||
| 650 | _aTire design | ||
| 650 | _aTire testing | ||
| 942 | _cBK | ||
| 999 |
_c31221 _d31221 |
||